000
00234nam a2200097Ia 4500
001
773329
005
20250826165749.0
008
250824s9999 xx 000 0 und d
245
0
_a
AŞK VE ACI
_c
FRİDA KAHLO
260
_b
EVEREST YAYINLARI
999
_c
773329
_d
773329